Countries That President Trump Visited in Office - Statistics

General Stats
  • This quiz has been taken 56 times
  • The average score is 21 of 24
Answers on the Map
Answers color-coded by a green-red scale on the quiz's map according to % correct below.
 
Answer Stats
Country % Correct
Canada
100%
France
100%
Germany
100%
Japan
100%
United Kingdom
100%
Italy
96%
India
94%
Saudi Arabia
94%
South Korea
94%
China
92%
Ireland
92%
Israel
92%
Switzerland
92%
Belgium
86%
Poland
84%
North Korea
80%
Philippines
80%
Singapore
80%
Iraq
78%
Argentina
76%
Vietnam
76%
Afghanistan
65%
Finland
65%
Vatican City
49%
No matching quizzes found
Score Distribution
Percent of People with Each Score
Percentile by Number Answered
Your Score History
You have not taken this quiz